00510nam a22001577a 450000500170000001000150001702000260003203500140005803700130007208200120008510000250009724500630012226000670018527000740025230000260032620231115115308.0 aENG-138113 a9789357059619c649.00 aEN-121645 bDBAD/PUB a658.872 aBhatia, Puneet Singh aFundamentals of Digital Marketing/cBy Puneet Singh Bhatia aUttar PradeshbPearson India Education Services Pvt.Ltd.c2023 a1st Floor, Berger Tower, Plot No. C-001A/2, Sector 16BbNoidae201301 axxiii,488 c24cm(pbk)